Emboscada contra el Plan Arias /
Analiza las perspectivas y las expectativas del plan de paz para Centroamérica del presidente Arias Sánchez, enfrentado a la política exterior de la administración estadounidense. Muestra básicamente, como elemento de aprobación o fracaso del plan, los términos en que se plantea el problema y las so...
Shranjeno v:
| Glavni avtor: | |
|---|---|
| Format: | Texto |
| Teme: | |
| Oznake: |
Označite
Brez oznak, prvi označite!
|
MARC
| LEADER | 00000 a a2200000 04500 | ||
|---|---|---|---|
| 001 | 1644 | ||
| 003 | |||
| 040 | |||
| 100 | |a Morales Gamboa, Abelardo | ||
| 245 | |a Emboscada contra el Plan Arias / |c Abelardo Morales Gamboa | ||
| 520 | |a Analiza las perspectivas y las expectativas del plan de paz para Centroamérica del presidente Arias Sánchez, enfrentado a la política exterior de la administración estadounidense. Muestra básicamente, como elemento de aprobación o fracaso del plan, los términos en que se plantea el problema y las soluciones que exige del gobierno de los Estados Unidos, principalmente porque dicho plan nació como parte de la estrategia anti-sandinista de ese país, y de los propios centroamericanos, fundamentalmente de Nicaragua. CEM/mb | ||
| 650 | |a POLITICA EXTERIOR | ||
| 650 | |a POLITICA GUBERNAMENTAL | ||
| 650 | |a POLITICA DE DEFENSA | ||
| 650 | |a POLITICA SOCIAL | ||
| 650 | |a ASPECTOS POLITICOS | ||
| 650 | |a MANTENIMIENTO DE LA PAZ | ||
| 650 | |a PARTICIPACION POLITICA | ||
| 650 | |a INVESTIGACION SOBRE LA PAZ | ||
| 650 | |a POLITICA INTERNACIONAL | ||
| 650 | |a GOBIERNO | ||
| 773 | |g número 35; páginas 6-7 | ||
| 999 | |c 28811 |d 28811 | ||
